| 000 | 00380nam a22001217a 4500 | ||
|---|---|---|---|
| 999 |
_c499 _d499 |
||
| 005 | 20200814153554.0 | ||
| 008 | 200814b ||||| |||| 00| 0 eng d | ||
| 020 | _a1556231350 | ||
| 040 | _cCML | ||
| 245 |
_aHow to be a Successful Investor. _cBailard, Biehl & Kaiser, Inc. |
||
| 260 |
_aIllinois _bDow Jones-Irwin _c1989 |
||
| 942 |
_2ddc _cBK _e1st Edition _h332.678 _mINV |
||